[Event "AUTO-MASTER-374"]
[Site "http://www.queenalice.com/game.php?id=263428"]
[Date "2007.8.29"]
[Round "1"]
[White "El_Star"]
[Black "tonyalme"]
[Result "0-1"]
[WhiteElo "1897"]
[BlackElo "2301"]

1. e4 e5 2. Nf3 Nc6 3. Bb5 a6 4. Ba4 Nf6 5. O-O d6 6. c3 Be7 7. h3 Nxe4 8. Bxc6+
bxc6 9. Qa4 Nf6 10. Qxc6+ Bd7 11. Qc4 e4 12. Nh2 Bb5 13. Qb3 Bd3 0-1

[Event "AUTO-MASTER-374"]
[Site "http://www.queenalice.com/game.php?id=263443"]
[Date "2007.8.29"]
[Round "1"]
[White "El_Star"]
[Black "VladimirSpirin"]
[Result "0-1"]
[WhiteElo "1891"]
[BlackElo "1953"]

1. e4 b6 2. d4 Bb7 3. Nc3 g6 4. Be3 Bg7 5. Bc4 e6 6. Qf3 d6 7. O-O-O h6 8. Nge2
Nd7 9. Qg3 Ne7 10. h4 a6 11. f4 b5 12. Bd3 d5 13. exd5 Nxd5 14. Nxd5 Bxd5 15. h5
g5 16. fxg5 hxg5 17. Bxg5 Qxg5+ 18. Qxg5 Bh6 19. Qxh6 Rxh6 20. Nf4 Bb7 21. Rhe1
O-O-O 22. c3 Nf6 23. Nxe6 fxe6 24. Rxe6 Ng4 25. Bf5 Rxe6 26. Bxe6+ Kb8 27. Bxg4
Bxg2 28. Rg1 Be4 29. Be2 Rh8 30. Rg5 Kb7 0-1

[Event "AUTO-MASTER-374"]
[Site "http://www.queenalice.com/game.php?id=263444"]
[Date "2007.8.29"]
[Round "1"]
[White "VladimirSpirin"]
[Black "El_Star"]
[Result "1-0"]
[WhiteElo "1967"]
[BlackElo "1908"]

1. b3 e5 2. Bb2 Nc6 3. g3 d5 4. Bg2 Be6 5. e3 Nf6 6. d3 Bd6 7. Ne2 Qd7 8. h3 a6
9. Nd2 O-O-O 10. a3 Rhe8 11. b4 d4 12. e4 Ng8 13. Nc4 f5 14. Nxd6+ cxd6 15. exf5
Bxf5 16. g4 Be6 17. Ng3 Rf8 18. O-O g6 19. Ne4 Nf6 20. f3 Nd5 21. Bc1 h5 22. Qe1
hxg4 23. fxg4 Nf4 24. Bxf4 Rxf4 25. Rxf4 exf4 26. Ng5 Bg8 27. Qf2 Qe7 28. Nf3
Qe3 29. Re1 1-0

[Event "AUTO-MASTER-374"]
[Site "http://www.queenalice.com/game.php?id=263445"]
[Date "2007.8.29"]
[Round "1"]
[White "El_Star"]
[Black "Ribar"]
[Result "1-0"]
[WhiteElo "1895"]
[BlackElo "1949"]

1. c4 c5 2. g3 Nc6 3. Nc3 Nf6 4. Bg2 g6 5. e3 Bg7 6. Nge2 O-O 7. f4 e6 8. d4
cxd4 9. Nxd4 d5 10. Nxc6 bxc6 11. Qa4 Qb6 12. Bd2 Ba6 13. c5 Qb7 14. b4 Nd7 15.
Kf2 e5 16. Bxd5 cxd5 17. c6 Qb6 18. cxd7 d4 19. Nd5 dxe3+ 20. Bxe3 Qd6 21. Rad1
Bb7 22. Bc5 Qxd5 23. Rxd5 Bxd5 24. Rd1 Be6 25. Bxf8 Kxf8 26. b5 exf4 27. b6 1-0

[Event "AUTO-MASTER-374"]
[Site "http://www.queenalice.com/game.php?id=263446"]
[Date "2007.8.29"]
[Round "1"]
[White "Ribar"]
[Black "El_Star"]
[Result "0-1"]
[WhiteElo "2001"]
[BlackElo "1919"]

1. c4 g6 2. Nc3 Bg7 3. Nf3 c5 4. d4 cxd4 5. Ne4 Qc7 6. Qd3 f5 7. Ned2 e5 8. e4
dxe3 9. Qxe3 Ne7 10. Be2 Nbc6 11. a3 e4 12. Ng5 h6 13. Nh3 d5 14. cxd5 Nxd5 15.
Qc5 Be6 16. O-O Be5 17. Qb5 a6 18. Qa4 Bxh2+ 19. Kh1 b5 20. Bxb5 Ne7 21. Bc4 Bd7
22. Qb3 Be5 23. Bf7+ Kf8 24. Bd5 Rb8 25. Qa2 Qd6 26. Bb3 Na5 27. Nc4 Nxc4 28.
Bxc4 f4 29. f3 Bxh3 30. gxh3 Nf5 31. fxe4 Ng3+ 32. Kg2 Nxf1 33. Kxf1 Qd1+ 34.
Kf2 Bd4+ 35. Kg2 Qg1+ 36. Kf3 Qf2+ 0-1

[Event "AUTO-MASTER-375"]
[Site "http://www.queenalice.com/game.php?id=263964"]
[Date "2007.8.30"]
[Round "1"]
[White "bobesponja"]
[Black "El_Star"]
[Result "0-1"]
[WhiteElo "1643"]
[BlackElo "1882"]

1. e4 Nc6 2. d4 e5 3. c3 exd4 4. cxd4 d5 5. e5 Bb4+ 6. Nc3 Nge7 7. f4 Bxc3+ 8.
bxc3 Na5 9. Nf3 c6 10. Bd3 Nf5 11. O-O Be6 12. g4 Nh4 13. f5 Bd7 14. Ba3 h5 15.
e6 fxe6 16. Nxh4 Qxh4 17. fxe6 Bxe6 0-1

[Event "AUTO-MASTER-375"]
[Site "http://www.queenalice.com/game.php?id=263965"]
[Date "2007.8.30"]
[Round "1"]
[White "El_Star"]
[Black "bobesponja"]
[Result "1-0"]
[WhiteElo "1875"]
[BlackElo "1650"]

1. d4 Nf6 2. c4 c5 3. d5 b5 4. cxb5 a6 5. bxa6 Bxa6 6. Nc3 g6 7. e4 Bxf1 8. Kxf1
Bg7 9. g3 O-O 10. Kg2 d6 11. Nf3 Nbd7 12. h4 Qa5 13. Nh2 Rfb8 14. f4 Nh5 15. Qc2
Qb4 16. Rf1 Qc4 17. Bd2 1-0

[Event "AUTO-MASTER-375"]
[Site "http://www.queenalice.com/game.php?id=263980"]
[Date "2007.8.30"]
[Round "1"]
[White "astrologo"]
[Black "El_Star"]
[Result "1-0"]
[WhiteElo "2106"]
[BlackElo "1933"]

1. c4 e5 2. Nc3 Nf6 3. g3 Bb4 4. Bg2 O-O 5. Qb3 a5 6. Nf3 d6 7. a3 Bxc3 8. Qxc3
Nbd7 9. O-O Re8 10. d3 Nf8 11. h3 h6 12. Bd2 Ra6 13. b4 axb4 14. axb4 Rxa1 15.
Rxa1 e4 16. Ne1 exd3 17. exd3 d5 18. Nf3 dxc4 19. dxc4 Ne4 20. Qc2 Nxd2 21. Qxd2
Be6 22. Qxd8 Rxd8 23. c5 Bd5 24. Rd1 Ne6 25. Ne5 Bxg2 26. Rxd8+ Nxd8 27. Kxg2 f6
28. Nd3 Kf7 29. Kf3 Ke6 30. Ke4 Nf7 31. f4 g5 32. f5+ Kd7 33. b5 b6 34. Kd5 bxc5
35. Nxc5+ Ke7 36. Ne4 Nd8 37. g4 Kf7 38. Nc5 Ke7 39. Ne6 Nxe6 40. fxe6 1-0

[Event "AUTO-MASTER-375"]
[Site "http://www.queenalice.com/game.php?id=263981"]
[Date "2007.8.30"]
[Round "1"]
[White "El_Star"]
[Black "astrologo"]
[Result "0-1"]
[WhiteElo "1917"]
[BlackElo "2104"]

1. b4 e5 2. Bb2 d6 3. e4 Nc6 4. b5 Nce7 5. d4 Ng6 6. c3 Nf6 7. Nd2 Be7 8. g3 O-O
9. h4 h5 10. Bd3 Ng4 11. Qe2 f5 12. exf5 Bxf5 13. Bxf5 Rxf5 14. f3 Nh6 15. O-O-O
a6 16. b6 cxb6 17. g4 hxg4 18. fxg4 Rf8 19. dxe5 Nxe5 20. g5 Nhg4 21. Ne4 d5 22.
Nh3 Qd7 23. Nf6+ gxf6 24. gxf6 Bxf6 25. Nf4 Qa4 0-1

[Event "AUTO-MASTER-375"]
[Site "http://www.queenalice.com/game.php?id=263992"]
[Date "2007.8.30"]
[Round "1"]
[White "El_Star"]
[Black "CCapivara"]
[Result "0-1"]
[WhiteElo "1924"]
[BlackElo "2012"]

1. b4 e5 2. Bb2 d6 3. e4 f5 4. exf5 Bxf5 5. Qf3 Qc8 6. Bc4 Nf6 7. Qb3 Qd7 8. a4
Nc6 9. a5 a6 10. c3 d5 11. Be2 Be7 12. b5 axb5 13. Bxb5 O-O 14. Nf3 Qe6 15. Bxc6
bxc6 16. Ng5 Qd7 17. h4 h6 18. Nf3 Rab8 19. Qa2 e4 20. Nd4 Bg4 21. Na3 c5 22.
Ndc2 Be6 23. c4 dxc4 24. Nxc4 Rxb2 25. Qxb2 Bxc4 26. Ne3 Bd3 27. a6 Ng4 28. a7
Nxe3 29. dxe3 Qc6 30. Qb8 Qf6 31. Ra2 Qc3+ 32. Kd1 Bc4 33. Rb2 Qa5 34. Qb7 Qa4+
35. Kc1 Qa1+ 36. Kd2 Rd8+ 37. Kc3 Bf6+ 38. Kxc4 Qxb2 39. Qxb2 Bxb2 40. Rb1 Ra8
41. Rxb2 Rxa7 42. Kxc5 Kf7 43. Kc6 Kf6 44. g4 g6 45. Rb4 Ke5 0-1

[Event "AUTO-MASTER-375"]
[Site "http://www.queenalice.com/game.php?id=263993"]
[Date "2007.8.30"]
[Round "1"]
[White "CCapivara"]
[Black "El_Star"]
[Result "1-0"]
[WhiteElo "2036"]
[BlackElo "1889"]

1. e4 Nf6 2. e5 Nd5 3. d4 d6 4. exd6 cxd6 5. Nf3 Qc7 6. Bd3 Bg4 7. O-O Nd7 8. c3
g6 9. Bg5 h6 10. Bh4 Bg7 11. Re1 g5 12. Bg3 e6 13. Nbd2 O-O-O 14. Be4 Nf4 15.
Qa4 f5 16. Bc2 Rde8 17. Qxa7 Rhf8 18. Ba4 Re7 19. c4 Nxg2 20. Bxd7+ Kxd7 21. c5
Nf4 22. cxd6 Qxd6 23. Qxb7+ Ke8 24. Qb3 Nh3+ 25. Kg2 f4 26. Ne4 Qc6 27. Rac1 Qa8
28. Rc8+ Qxc8 29. Nd6+ Kd7 30. Nxc8 Rxc8 31. d5 fxg3 32. dxe6+ Rxe6 33. Qa4+ Ke7
34. Qxg4 Rxe1 35. hxg3 Re6 36. Qb4+ Kd8 37. Kxh3 Rc7 38. Nd4 Bxd4 39. Qxd4+ Rd7
40. Qc4 Rb6 41. b4 Rdb7 42. a3 Ke7 43. Qc5+ Kd7 44. Kg4 Rb8 45. Kf3 Rf6+ 46. Ke2
Re6+ 47. Kf3 Rf6+ 48. Kg2 Rfb6 49. f4 gxf4 50. gxf4 Rg8+ 51. Kf3 Rgb8 52. f5 Ke8
53. Ke4 1-0

[Event "AUTO-MASTER-376"]
[Site "http://www.queenalice.com/game.php?id=264912"]
[Date "2007.9.1"]
[Round "1"]
[White "Kisei"]
[Black "El_Star"]
[Result "1-0"]
[WhiteElo "2299"]
[BlackElo "1877"]

1. e4 c5 2. Nf3 e6 3. d4 cxd4 4. Nxd4 a6 5. Nc3 Bc5 6. Nb3 Ba7 7. Bf4 b5 8. Bd6
Bb7 9. a4 bxa4 10. Rxa4 Nc6 11. f4 Nge7 12. Nc5 Qb6 13. Bxe7 1-0

[Event "AUTO-MASTER-376"]
[Site "http://www.queenalice.com/game.php?id=264913"]
[Date "2007.9.1"]
[Round "1"]
[White "El_Star"]
[Black "Kisei"]
[Result "0-1"]
[WhiteElo "1893"]
[BlackElo "2197"]

1. e4 c5 2. Nf3 d6 3. d4 cxd4 4. Nxd4 Nf6 5. Nc3 a6 6. Bc4 e6 7. O-O Be7 8. Bb3
O-O 9. Be3 b5 10. a3 Re8 11. Qe2 Bb7 12. f3 Nbd7 13. g4 h6 14. Rad1 Rc8 15. Bxe6
fxe6 16. Nxe6 Qa5 17. g5 hxg5 18. Bxg5 d5 19. Nxg7 Kxg7 0-1

[Event "AUTO-MASTER-376"]
[Site "http://www.queenalice.com/game.php?id=264930"]
[Date "2007.9.1"]
[Round "1"]
[White "El_Star"]
[Black "CCapivara"]
[Result "0-1"]
[WhiteElo "1929"]
[BlackElo "2036"]

1. f4 d6 2. Nf3 c6 3. e4 Bg4 4. h3 Bxf3 5. Qxf3 Nf6 6. Bc4 e5 7. d4 Nbd7 8. dxe5
dxe5 9. O-O exf4 10. Qxf4 Bc5+ 11. Kh1 O-O 12. e5 Nd5 13. Bxd5 cxd5 14. b4 Bb6
15. Bb2 Rc8 16. Na3 Qe7 17. Rae1 h6 18. Qg3 d4 19. c3 dxc3 20. Bxc3 a5 21. Rf4
Rfe8 22. Rg4 g6 23. e6 Nf8 24. exf7+ Qxf7 25. bxa5 Bf2 0-1

[Event "AUTO-MASTER-376"]
[Site "http://www.queenalice.com/game.php?id=264931"]
[Date "2007.9.1"]
[Round "1"]
[White "CCapivara"]
[Black "El_Star"]
[Result "0-1"]
[WhiteElo "1998"]
[BlackElo "1888"]

1. e4 e6 2. d4 d5 3. exd5 exd5 4. Nf3 Bd6 5. Bd3 c6 6. O-O Bg4 7. c3 Nd7 8. Re1+
Ne7 9. Be3 Qc7 10. h3 Bh5 11. Nbd2 O-O-O 12. a4 f6 13. b4 g5 14. Qb3 Bf7 15. b5
c5 16. dxc5 Nxc5 17. Bxc5 Bxc5 18. Nd4 Bxd4 19. cxd4 Kb8 20. a5 Rd7 21. b6 Qd6
22. bxa7+ Kxa7 23. Nb1 Nc6 24. Qb6+ Kb8 25. a6 Bg6 26. Bb5 Rc8 27. axb7 Rxb7 28.
Qa6 Ra7 29. Qxc6 Qxc6 30. Bxc6 Rxa1 0-1

[Event "AUTO-MASTER-376"]
[Site "http://www.queenalice.com/game.php?id=264932"]
[Date "2007.9.1"]
[Round "1"]
[White "El_Star"]
[Black "arauca"]
[Result "0-1"]
[WhiteElo "1955"]
[BlackElo "2074"]

1. e4 c6 2. d4 d5 3. Nc3 dxe4 4. Nxe4 Nf6 5. Nxf6+ gxf6 6. Bc4 Bf5 7. c3 e6 8.
Nf3 Qc7 9. Nh4 Bg6 10. Qf3 Nd7 11. Bf4 Bd6 12. Bxd6 Qxd6 13. O-O-O O-O-O 14. g4
Nb6 15. Bb3 Nd5 16. Ng2 h5 17. h3 f5 18. c4 hxg4 19. hxg4 fxg4 20. Qxg4 Nb4 21.
Rxh8 Rxh8 22. Nf4 Bf5 23. Qg3 c5 24. a3 Na6 25. dxc5 Qxc5 26. Qg7 Qf8 27. Qd4
Rh4 28. Qd7+ Kb8 29. Bc2 Rxf4 0-1

[Event "AUTO-MASTER-376"]
[Site "http://www.queenalice.com/game.php?id=264933"]
[Date "2007.9.1"]
[Round "1"]
[White "arauca"]
[Black "El_Star"]
[Result "1-0"]
[WhiteElo "2139"]
[BlackElo "1934"]

1. e4 d5 2. exd5 Qxd5 3. Nc3 Qd6 4. d4 c6 5. Nf3 Bf5 6. Ne5 f6 7. Nc4 Qc7 8. Bd3
e6 9. Bxf5 exf5 10. Qf3 g6 11. Bf4 Qf7 12. Qe2+ Kd7 13. O-O-O Na6 14. d5 c5 15.
Na5 Bh6 16. Bxh6 Nxh6 17. Qb5+ Kc8 18. d6 Rd8 19. Rhe1 Ng8 20. Nd5 Rd7 21. Nxb7
Rxb7 22. Re8+ Qxe8 23. Qxe8# 1-0

[Event "AUTO-ADV-555"]
[Site "http://www.queenalice.com/game.php?id=277815"]
[Date "2007.9.27"]
[Round "2"]
[White "andrevillares"]
[Black "El_Star"]
[Result "1/2-1/2"]
[WhiteElo "2020"]
[BlackElo "1931"]

1. d4 f5 2. c4 Nf6 3. Nc3 Nc6 4. Nf3 d6 5. Bg5 e5 6. d5 Ne7 7. Bxf6 gxf6 8. e4
Ng6 9. Bd3 fxe4 10. Nxe4 f5 11. Nc3 e4 12. Nxe4 fxe4 13. Bxe4 Bg7 14. Qe2 O-O
15. O-O Nf4 16. Qc2 Qf6 17. Bxh7+ Kh8 18. Be4 Qh6 19. Rae1 Be5 20. Nxe5 dxe5 21.
Qc3 Qg5 22. Re3 Bd7 23. h4 Qf6 24. Bf3 Rae8 25. Rfe1 Qxh4 26. Rxe5 Rxe5 27.
Qxe5+ Qf6 28. Qxc7 Rf7 29. Qxb7 Nh3+ 30. gxh3 Qxf3 31. Qb8+ Kh7 32. Qg3 Rg7 33.
Qxg7+ Kxg7 34. Re7+ Kf6 35. Rxd7 Qxh3 36. Rxa7 Qg4+ 37. Kh1 Qd1+ 38. Kh2 Qh5+
39. Kg3 Qe5+ 1/2-1/2

[Event "AUTO-ADV-555"]
[Site "http://www.queenalice.com/game.php?id=277816"]
[Date "2007.9.27"]
[Round "2"]
[White "El_Star"]
[Black "andrevillares"]
[Result "1-0"]
[WhiteElo "1938"]
[BlackElo "1969"]

1. d4 Nf6 2. Bg5 Ne4 3. Bh4 c5 4. f3 Qa5+ 5. c3 Nd6 6. dxc5 Qxc5 7. Bf2 Qa5 8.
Nd2 Nc6 9. e4 g6 10. Ne2 Bg7 11. Nb3 Qg5 12. h4 Qh6 13. g4 b6 14. g5 Ne5 15. Ng3
1-0

[Event "AUTO-ADV-555"]
[Site "http://www.queenalice.com/game.php?id=277817"]
[Date "2007.9.27"]
[Round "2"]
[White "Amadeus"]
[Black "El_Star"]
[Result "1-0"]
[WhiteElo "2445"]
[BlackElo "1912"]

1. d4 Nf6 2. c4 e6 3. g3 d5 4. Nf3 Bb4+ 5. Bd2 Bxd2+ 6. Nbxd2 O-O 7. e3 dxc4 8.
Nxc4 c5 9. dxc5 Nbd7 10. Bg2 Nxc5 11. Qxd8 Rxd8 12. Nfe5 Rb8 13. O-O Nd5 14.
Rfd1 f6 15. e4 fxe5 16. exd5 exd5 17. Bxd5+ Be6 18. Bxe6+ Nxe6 19. Nxe5 Rxd1+
20. Rxd1 Rd8 21. Rxd8+ Nxd8 22. f4 Kf8 23. Kf2 Ke7 24. Ke3 Ne6 25. f5 Nc5 26.
Nd3 1-0

[Event "AUTO-ADV-555"]
[Site "http://www.queenalice.com/game.php?id=277818"]
[Date "2007.9.27"]
[Round "2"]
[White "El_Star"]
[Black "Amadeus"]
[Result "0-1"]
[WhiteElo "1935"]
[BlackElo "2425"]

1. e4 c6 2. d4 d5 3. Nc3 dxe4 4. Nxe4 Bf5 5. Ng3 Bg6 6. Nf3 Nd7 7. h4 h6 8. h5
Bh7 9. Bd3 Bxd3 10. Qxd3 Qc7 11. Bd2 Ngf6 12. O-O-O e6 13. Nh4 O-O-O 14. Qf3 Nb6
15. Bf4 Bd6 16. Bxd6 Qxd6 17. Ne4 Qd5 18. Rhe1 Qxa2 19. Nxf6 Nc4 20. Ng6 Qxb2#
0-1

[Event "AUTO-ADV-548"]
[Site "http://www.queenalice.com/game.php?id=311010"]
[Date "2007.11.27"]
[Round "2"]
[White "stoyan1"]
[Black "El_Star"]
[Result "0-1"]
[WhiteElo "1886"]
[BlackElo "1916"]

1. e4 e5 2. Nf3 Nc6 3. Bc4 Bc5 4. Nxe5 Bxf2+ 5. Kxf2 Nxe5 6. Qe2 Nxc4 7. Qxc4
Nf6 8. e5 d5 9. exd6 Qxd6 10. Re1+ Be6 11. Qb5+ c6 12. Qg5 O-O 13. d3 Ng4+ 14.
Kg1 Qxh2+ 15. Kf1 Qh1+ 16. Ke2 Qxg2+ 0-1

[Event "AUTO-ADV-548"]
[Site "http://www.queenalice.com/game.php?id=311014"]
[Date "2007.11.27"]
[Round "2"]
[White "dante72"]
[Black "El_Star"]
[Result "1-0"]
[WhiteElo "1928"]
[BlackElo "1879"]

1. d4 b5 2. e3 Bb7 3. f4 e6 4. Nf3 a6 5. Bd3 c5 6. O-O Nc6 7. d5 exd5 8. Nc3 Nf6
9. Bf5 g6 10. Bh3 Ne7 11. Ne5 Bg7 12. Ne2 d6 13. Nf3 Bc8 14. Bxc8 Qxc8 15. c3
Qc6 16. b4 O-O-O 17. a4 Ne4 18. axb5 axb5 19. Bb2 Nf5 20. Bc1 Nxc3 21. Nxc3 Bxc3
22. g4 Bxa1 23. gxf5 gxf5 24. Kh1 Rhe8 25. Ba3 Bf6 26. Qc2 Rxe3 27. Qxf5+ Re6
28. bxc5 1-0

[Event "AUTO-ADV-548"]
[Site "http://www.queenalice.com/game.php?id=311015"]
[Date "2007.11.27"]
[Round "2"]
[White "El_Star"]
[Black "dante72"]
[Result "0-1"]
[WhiteElo "1910"]
[BlackElo "1889"]

1. e4 e5 2. Nf3 d6 3. Bb5+ c6 4. Ba4 b5 5. Bb3 h6 6. a4 Ba6 7. axb5 Bxb5 8. c4
Ba6 9. d4 Nf6 10. O-O Be7 11. Nc3 O-O 12. Re1 Bb7 13. Qc2 Nh7 14. dxe5 dxe5 15.
Nxe5 Bf6 16. Ng4 Na6 17. e5 Bh4 18. Qf5 Nc5 0-1